000
00272nam a22001217a 4500
041
_a
ENG
100
_a
Fgaarde .J.V.S
245
_a
Drainage For Agricultur
260
_a
USA
_b
American Society Of Agronomy
_c
1974
300
_a
700
650
_a
IDE
856
_u
IDE ( 05 )
999
_c
2271
_d
2271